Microeconomic theory /

Guardado en:
Autor Principal: Ferguson, C. E.
Formato: Libro
Idioma:English
Publicado: Homewood, Ill. : R. D. Irwin, 1966.
Series:Irwin series in economics
Materias:
Etiquetas: Agregar Etiqueta
Sin Etiquetas, Sea el primero en etiquetar este registro!
LEADER 00707cam a22002171a 4500
001 EEO.eeo000621
008 711103s1966####ilua###g#b####000#0#eng##
005 20060704104841.0
245 1 0 |a Microeconomic theory /  |c by C. E. Ferguson. 
260 |a Homewood, Ill. :  |b R. D. Irwin,  |c 1966. 
300 |a xiv, 439 p. :  |b il. ;  |c 24 cm. 
440 0 |a Irwin series in economics 
504 |a Incluye referencias bibliográficas. 
100 1 |a Ferguson, C. E.  |q (Charles E.) 
082 |a 330.1 
650 7 |a Microeconomía.  |2 Isoc 
650 7 |a Teoría económica.  |2 Isoc 
010 |a  66024601  
040 |a DLC  |c ODaWU  |d OCoLC  |d DLC 
050 0 0 |a HB171.5  |b .F414 
859 |a AR-BaUEB  |b BIB. ECONOMIA - General  |h 338.521  |i F381  |p e02567